LEADER 01127nam a2200265 u 4500 001 000000052135 003 CaOOAMICUS 005 20070226115420.0 008 001009s1974 it u000 u ita u 035 $a10857652 040 $aPUL(R)$bita 100 1 $aMarotta, Vito.$0(OLS)http://pul/name/37303 245 13$aLe saparazioni atipiche :$b(gli artt. 126 C.C. - 562 C.P. - art. 19 L. 27 maggio 1929 n.847) /$cVito Marotta. 260 $aNapoli :$bLibreria Editrice Redenzione,$c1974. 300 $a96 p. ;$c24 cm 500 $aContiene indici. 504 $aBibliografia in nota. 650 4$aMatrimonio (diritto).$0(OLS)http://pul/subject/800 850 $aPUL 852 $aPUL$W1$xDP1 Fondo Ciprotti$y59$m1544 B 27$j68967$nBK-PRI$b $qFondi$B68967$CPULBib$Z2$F68967 $H $81 941 1 $a1 960 $aDiritto matrimoniale$9800 961 $aINV: F. Ciprotti 996 $6245$aLe saparazioni atipiche :$b(gli artt. 126 C.C. - 562 C.P. - art. 19 L. 27 maggio 1929 n.847)$9(OLS)http://pul/title/69927 996 $6260$aNapoli :$bLibreria Editrice Redenzione$9(OLS)http://pul/publisher/59979 LEADER 01536nam a2200349 u 4500 001 000000034469 003 CaOOAMICUS 005 20150825113032.0 008 971218s1991 it u000 u ita u 020 $a8839907025 035 $a10779124 040 $aMSA$bita 100 1 $aMancini, Roberto,$d1958-$0(OLS)http://pul/name/26538 245 10$aComunicazione come ecumene :$bil significato antropologico e teologico dell'etica comunicativa /$cRoberto Mancini. 260 $aBrescia :$bQueriniana,$c1991. 300 $a152 p.$c20 cm 490 1 $aGiornale di teologia ;$v202 504 $aContiene riferimenti bibliografici. 650 4$aComunicazione.$0(OLS)http://pul/subject/4540 650 4$aEtica cristiana.$0(OLS)http://pul/subject/1395 830 0$aGiornale di teologia ;$v202.$0(OLS)http://pul/title/9027 850 $aPUL 852 $aPUL$W1$xSL Religione 3$y85$m200 GDT 1.202$j47214$nBK-PRI$qDDC 21 $B47214$CPULBib$Z2$F47214 $Hnull $82 852 $aPUL$W1$xDP1 Fondo S. Lanza$y121$m3 M 24.202$j168020$qFondi$B168575$CPULBib$Z2$F168575 $HLAN410 $82 941 1 $a9 941 1 $a1 961 $aINV: 66237 961 $aNota ms. di possesso: Sergio Lanza 983 0$aGdT. 996 $6020$a8839907025$9(OLS)http://pul/number/43236 996 $6245$aComunicazione come ecumene :$bil significato antropologico e teologico dell'etica comunicativa$9(OLS)http://pul/title/47435 996 $6260$aBrescia :$bQueriniana$9(OLS)http://pul/publisher/47906